A concise history of science in India (Record no. 4002)

MARC details
000 -LEADER
fixed length control field 00660nam a2200217Ia 4500
003 - CONTROL NUMBER IDENTIFIER
control field IN-BaIIA
008 - FIXED-LENGTH DATA ELEMENTS--GENERAL INFORMATION
fixed length control field 211028s9999 xx 000 0 eng d
020 ## - INTERNATIONAL STANDARD BOOK NUMBER
International Standard Book Number 0-88386-133-X
040 ## - CATALOGING SOURCE
Transcribing agency IIA Library
080 ## - UNIVERSAL DECIMAL CLASSIFICATION NUMBER
Universal Decimal Classification number 5(091)
Item number BOS
245 #2 - TITLE STATEMENT
Title A concise history of science in India
Statement of responsibility, etc. edited by D. M. Bose, S. N. Sen and B. V. Subbarayappa
260 ## - PUBLICATION, DISTRIBUTION, ETC.
Place of publication, distribution, etc. New Delhi
Name of publisher, distributor, etc. Indian National Science Academy
Date of publication, distribution, etc. 1971
300 ## - PHYSICAL DESCRIPTION
Extent v, 689p.
650 ## - SUBJECT ADDED ENTRY--TOPICAL TERM
Topical term or geographic name entry element NASA Thesaurus
650 ## - SUBJECT ADDED ENTRY--TOPICAL TERM
Topical term or geographic name entry element Science-General
650 ## - SUBJECT ADDED ENTRY--TOPICAL TERM
Topical term or geographic name entry element Science-Historical
9 (RLIN) 7074
700 ## - ADDED ENTRY--PERSONAL NAME
Personal name Bose, D. M., ed.
9 (RLIN) 7075
700 ## - ADDED ENTRY--PERSONAL NAME
Personal name Sen, S. N., ed.
9 (RLIN) 7076
700 ## - ADDED ENTRY--PERSONAL NAME
Personal name Subbarayappa, B. V., ed.
9 (RLIN) 7077
942 ## - ADDED ENTRY ELEMENTS (KOHA)
Koha item type Books
Holdings
Withdrawn status Lost status Damaged status Not for loan Home library Current library Shelving location Date acquired Cost, normal purchase price Total Checkouts Full call number Barcode Date last seen Cost, replacement price Price effective from Koha item type Purchase Price
        IIA Library-Bangalore IIA Library-Bangalore General Stacks 11/08/1972 50.00   5(091)/ BOS 4464 05/11/2021 50.00 11/08/1972 Books Rs. 50.00

Powered by Koha